ARTIFICIAL INTELLIGENCE (Record no. 23291)

000 -LEADER
fixed length control field 00283nam a22001337a 4500
020 ## - INTERNATIONAL STANDARD BOOK NUMBER
International Standard Book Number 9788131715055
082 ## - DEWEY DECIMAL CLASSIFICATION NUMBER
Classification number 001.53
100 ## - MAIN ENTRY--PERSONAL NAME
Personal name patrick henry winston
245 ## - TITLE STATEMENT
Title ARTIFICIAL INTELLIGENCE
250 ## - EDITION STATEMENT
Edition statement 3RD ED.
260 ## - PUBLICATION, DISTRIBUTION, ETC.
Place of publication, distribution, etc. INDIA
Name of publisher, distributor, etc. PEARSON
Date of publication, distribution, etc. 1992
300 ## - PHYSICAL DESCRIPTION
Extent 737
942 ## - ADDED ENTRY ELEMENTS (KOHA)
Koha item type Book
Holdings
Withdrawn status Lost status Damaged status Not for loan Permanent Location Current Location Shelving location Date acquired Full call number Barcode Date last seen Price effective from Koha item type
        NUST Baluchistan Campus (NBC) NUST Baluchistan Campus (NBC) General Stacks 03/07/2013 001.53 RCMS001466 03/07/2013 03/07/2013 Book
        NUST Baluchistan Campus (NBC) NUST Baluchistan Campus (NBC) General Stacks 05/21/2014 001.53 RCMS001445 05/21/2014 05/21/2014 Book
© 2023 Central Library, National University of Sciences and Technology. All Rights Reserved.